[Event "Russian Higher League"]
[Site "Tyumen RUS"]
[Date "2012.06.23"]
[Round "7"]
[White "Inarkiev, E."]
[Black "Shimanov, A."]
[Result "0-1"]
[WhiteElo "2707"]
[BlackElo "2600"]
[PlyCount "166"]
[EventDate "2012.06.16"]

1. e4 Nf6 2. e5 Nd5 3. d4 d6 4. c4 Nb6 5. exd6 exd6 6. h3 Be7 7. Nf3 Bf6 8. Be2
O-O 9. O-O Be6 10. Qc2 d5 11. c5 Nc8 12. b4 Nc6 13. Qc3 a6 14. a4 N6e7 15. Bf4
Ng6 16. Bh2 Re8 17. Re1 Nce7 18. Nbd2 h6 19. Nb3 Nf5 20. b5 axb5 21. axb5 c6
22. Rxa8 Qxa8 23. Ra1 Qc8 24. Ra7 Bd7 25. bxc6 Bxc6 26. Bf1 Nfh4 27. Ne1 Qf5
28. Nc2 Nf4 29. Ne3 Qg5 30. Bxf4 Qxf4 31. Ng4 Bd8 32. g3 Qf3 33. Qc2 h5 34. Nh2
Qf5 35. Qxf5 Nxf5 36. Bd3 Ne7 37. Nf3 f6 38. Na5 Bxa5 39. Rxa5 Rb8 40. Ra7 Bd7
41. Kg2 Kf7 42. Ra1 Ke8 43. Rb1 Kd8 44. Ne1 Kc7 45. Nc2 Ra8 46. Nb4 Ra3 47. Bc2
Ra5 48. Re1 Kd8 49. Bd1 Nf5 50. Bxh5 Nxd4 51. Rd1 Ne6 52. Nxd5 Nxc5 53. Bf3 Ke8
54. h4 Bc6 55. h5 Kf7 56. Nf4 Bxf3+ 57. Kxf3 b5 58. Rd8 b4 59. Rb8 b3 60. Nd5
Nd7 61. Rxb3 Rxd5 62. g4 Nc5 63. Ra3 Ne6 64. Kg3 f5 65. f4 fxg4 66. Kxg4 Rd4
67. Rf3 Nc5 68. Rh3 Ne4 69. Rh2 Nf6+ 70. Kf3 Rd3+ 71. Ke2 Ra3 72. Rh1 Ng4 73.
Rg1 Nh6 74. Rg5 Ng8 75. Kf2 Nf6 76. Kg2 Rd3 77. Re5 Rd5 78. Rxd5 Nxd5 79. Kg3
Kf6 80. Kg4 Ne7 81. Kg3 Kf5 82. Kh4 Kxf4 83. h6 Nf5+ 0-1

[Event "Russian Higher League"]
[Site "Tyumen RUS"]
[Date "2012.06.24"]
[Round "8"]
[White "Vitiugov, N."]
[Black "Dubov, Danii"]
[Result "1/2-1/2"]
[WhiteElo "2703"]
[BlackElo "2569"]
[PlyCount "84"]
[EventDate "2012.06.16"]

1. d4 Nf6 2. Nf3 c5 3. d5 b5 4. Bg5 Qa5+ 5. c3 d6 6. Nbd2 Nbd7 7. e4 g6 8. a4
b4 9. Bxf6 exf6 10. Nc4 Qc7 11. cxb4 cxb4 12. Nd4 a6 13. Qd2 Bg7 14. Qxb4 O-O
15. Be2 Nc5 16. Qb6 Qxb6 17. Nxb6 Rb8 18. a5 f5 19. Nc6 Bxb2 20. Rb1 Bc3+ 21.
Kd1 Bb7 22. Kc2 Bxc6 23. Kxc3 Bb7 24. exf5 Bc8 25. f6 Bf5 26. Rb4 Rfe8 27. Bf3
g5 28. h4 h6 29. hxg5 hxg5 30. Rh5 Re1 31. Rxg5+ Bg6 32. Kd2 Ra1 33. Bh5 Rxa5
34. Bxg6 fxg6 35. Rxg6+ Kf7 36. Rh6 Ra2+ 37. Ke3 Re8+ 38. Kf3 Nd3 39. Rh7+ Kxf6
40. Nd7+ Kg6 41. Rbh4 Rxf2+ 42. Kg3 Re3+ 1/2-1/2

[Event "Russian Higher League"]
[Site "Tyumen RUS"]
[Date "2012.06.24"]
[Round "8"]
[White "Prizant, Ja"]
[Black "Nepomniachtchi, I."]
[Result "1/2-1/2"]
[WhiteElo "2524"]
[BlackElo "2716"]
[PlyCount "99"]
[EventDate "2012.06.16"]

1. e4 d6 2. d4 Nf6 3. Nc3 g6 4. Nge2 Bg7 5. g3 O-O 6. Bg2 Nc6 7. h3 e5 8. Be3
exd4 9. Nxd4 Ne5 10. O-O a6 11. b3 Re8 12. f4 Ned7 13. Bf2 Nc5 14. Re1 c6 15.
Kh2 Qc7 16. Qd2 Bd7 17. Rad1 b5 18. b4 Nb7 19. Nf3 Be6 20. Nd4 Bc4 21. Nxc6
Qxc6 22. e5 Qc7 23. exf6 Bxf6 24. Nd5 Bxd5 25. Qxd5 Rxe1 26. Rxe1 Rb8 27. Ba7
Ra8 28. Bd4 Bxd4 29. Qxd4 Rf8 30. c3 Nd8 31. Bd5 Qd7 32. Qf6 Re8 33. Rxe8+ Qxe8
34. Qxd6 Qe2+ 35. Bg2 Ne6 36. Qxa6 h5 37. h4 Ng7 38. Qa8+ Kh7 39. Qf3 Qe1 40.
Bh3 Qd2+ 41. Kg1 Qe1+ 42. Kg2 Qd2+ 43. Kf1 Qxa2 44. Qe2 Qa1+ 45. Qe1 Qa2 46.
Kg1 Qa7+ 47. Kf1 Qa2 48. Kg1 Qa7+ 49. Kf1 Qa2 50. Kg1 1/2-1/2

[Event "Russian Higher League"]
[Site "Tyumen RUS"]
[Date "2012.06.24"]
[Round "8"]
[White "Khairullin, I."]
[Black "Jakovenko, D."]
[Result "1/2-1/2"]
[WhiteElo "2631"]
[BlackElo "2736"]
[PlyCount "113"]
[EventDate "2012.06.16"]

1. c4 c5 2. Nf3 Nf6 3. Nc3 e6 4. d4 cxd4 5. Nxd4 Nc6 6. a3 Bc5 7. Nb3 Be7 8. e4
O-O 9. Be2 b6 10. O-O Ba6 11. f4 d6 12. Be3 Rc8 13. Rc1 Re8 14. Bf2 Bb7 15. Nd2
Bf8 16. b4 Ne7 17. Bf3 Ng6 18. g3 h6 19. Re1 Qc7 20. Qe2 Qb8 21. Nf1 Bc6 22.
Ne3 a6 23. Nc2 Ba8 24. Ne3 Rc7 25. Ra1 Rec8 26. Rec1 Bc6 27. Qd3 Ba8 28. Bg2
Be7 29. Bf3 Bc6 30. Bg2 Be8 31. Bf3 h5 32. Qe2 b5 33. cxb5 axb5 34. Qd3 h4 35.
Ne2 hxg3 36. hxg3 Rc2 37. Rxc2 Rxc2 38. Nxc2 Bd8 39. Nc3 Bb6 40. Bxb6 Qxb6+ 41.
Qe3 Qb8 42. Kg2 e5 43. f5 Ne7 44. Qd3 Bc6 45. Ne3 Qa7 46. Nc2 Qa8 47. Qxd6 Nxe4
48. Qxe5 Nd2 49. Qxe7 Bxf3+ 50. Kf2 Bh1 51. Ke1 Ne4 52. Nxe4 Bxe4 53. Nd4 Bb1
54. Qe3 Qg2 55. Nxb5 Bxf5 56. Nd4 Bd7 57. Qf2 1/2-1/2

[Event "Russian Higher League"]
[Site "Tyumen RUS"]
[Date "2012.06.25"]
[Round "9"]
[White "Sjugirov, S."]
[Black "Vitiugov, N."]
[Result "0-1"]
[WhiteElo "2625"]
[BlackElo "2703"]
[PlyCount "72"]
[EventDate "2012.06.16"]

1. d4 Nf6 2. c4 e6 3. g3 Bb4+ 4. Bd2 Be7 5. Bg2 d5 6. Nf3 c6 7. O-O Nbd7 8. Bf4
dxc4 9. a4 Nd5 10. Bd2 b6 11. e4 N5f6 12. Nc3 O-O 13. Bf4 Re8 14. Qe2 Ba6 15.
Rfd1 Bb4 16. Rac1 Rc8 17. b3 b5 18. bxc4 bxc4 19. Ne5 Nxe5 20. dxe5 Nd7 21. Bf1
Qc7 22. Qa2 Nxe5 23. Bxe5 Qxe5 24. Bxc4 Bb7 25. Qb3 a5 26. f3 Red8 27. Ne2 g5
28. g4 Rb8 29. Qc2 Ba3 30. Rb1 Qc5+ 31. Kg2 Ba6 32. Rd4 Bb4 33. Rbd1 Rxd4 34.
Rxd4 e5 35. Qd3 exd4 36. Bxa6 Bc3 0-1

[Event "Russian Higher League"]
[Site "Tyumen RUS"]
[Date "2012.06.25"]
[Round "9"]
[White "Nepomniachtchi, I."]
[Black "Andreikin, D."]
[Result "0-1"]
[WhiteElo "2716"]
[BlackElo "2700"]
[PlyCount "80"]
[EventDate "2012.06.16"]

1. e4 e5 2. Nf3 Nc6 3. Bb5 Nf6 4. d3 d6 5. c3 Bd7 6. O-O g6 7. Nbd2 Bg7 8. Re1
O-O 9. Nf1 Nh5 10. Ne3 Nf4 11. Ba4 Re8 12. g3 Ne6 13. Nh4 Kh8 14. Bc2 Ne7 15.
Neg2 d5 16. f4 dxe4 17. dxe4 Bc6 18. Qg4 Ng8 19. f5 Nf6 20. Qh3 g5 21. g4 Nf4
22. Bxf4 exf4 23. Rad1 Qe7 24. Nf3 Qc5+ 25. Kh1 Kg8 26. Nxg5 h6 27. Nf3 Nxe4
28. Bxe4 Rxe4 29. Rxe4 Bxe4 30. Nge1 Re8 31. Qf1 Bc6 32. h3 Bf6 33. Ng2 h5 34.
Re1 Rxe1 35. Ngxe1 Qe3 36. gxh5 Bh4 37. Qg1+ Bg3 38. Qxe3 fxe3 39. Kg1 Bxf3 40.
Nxf3 e2 0-1

[Event "Russian Higher League"]
[Site "Tyumen RUS"]
[Date "2012.06.25"]
[Round "9"]
[White "Jakovenko, D."]
[Black "Grachev, B."]
[Result "1/2-1/2"]
[WhiteElo "2736"]
[BlackElo "2680"]
[PlyCount "121"]
[EventDate "2012.06.16"]

1. d4 d5 2. c4 c6 3. Nc3 Nf6 4. e3 e6 5. Nf3 Nbd7 6. Bd3 dxc4 7. Bxc4 b5 8. Bd3
Bd6 9. O-O O-O 10. Qc2 Bb7 11. a3 a5 12. e4 e5 13. Rd1 Qc7 14. h3 Rfe8 15. Be3
exd4 16. Nxd4 Bf4 17. Bxf4 Qxf4 18. Nce2 Qd6 19. Rac1 Ne5 20. Nb3 Qe7 21. Ng3
g6 22. Nc5 h5 23. Bf1 Bc8 24. Nd3 h4 25. Nxe5 Qxe5 26. Ne2 Bb7 27. f3 Rad8 28.
Qc3 Qxc3 29. Nxc3 Nh5 30. Kf2 Nf4 31. Ke3 g5 32. Ne2 Nd5+ 33. Kf2 Nf4 34. Nxf4
gxf4 35. Be2 Kg7 36. Rc5 Rxd1 37. Bxd1 Rd8 38. Ke1 Rd6 39. a4 Rg6 40. axb5 cxb5
41. Rxb5 Bc6 42. Rc5 Bd7 43. Kf1 Rd6 44. Be2 Rb6 45. Rg5+ Kf6 46. Rxa5 Rxb2 47.
Bc4 Rb1+ 48. Kf2 Rc1 49. Bd3 Rd1 50. Bc4 Rc1 51. Bd5 Rb1 52. e5+ Ke7 53. Ra7
Kd8 54. Be4 Rc1 55. Bd3 Rd1 56. Be2 Rb1 57. Bd3 Rd1 58. Be2 Rb1 59. Ra5 Ke7 60.
Rd5 Rb2 61. Ke1 1/2-1/2

[Event "Russian Higher League"]
[Site "Tyumen RUS"]
[Date "2012.06.26"]
[Round "10"]
[White "Andreikin, D."]
[Black "Vitiugov, N."]
[Result "1/2-1/2"]
[WhiteElo "2700"]
[BlackElo "2703"]
[PlyCount "40"]
[EventDate "2012.06.16"]

1. e4 e6 2. d4 d5 3. Nc3 Nf6 4. e5 Nfd7 5. f4 c5 6. Nf3 Nc6 7. Be3 cxd4 8. Nxd4
Qb6 9. Ncb5 a6 10. Nf5 Bc5 11. Nbd6+ Kf8 12. Qh5 Nd8 13. Nxg7 Bxe3 14. Nxe6+
fxe6 15. Qe8+ Kg7 16. Qe7+ Kg8 17. Qg5+ Kf8 18. Qh6+ Kg8 19. Qg5+ Kf8 20. Qh6+
Kg8 1/2-1/2

[Event "Russian Higher League"]
[Site "Tyumen RUS"]
[Date "2012.06.26"]
[Round "10"]
[White "Popov, Iv RUS"]
[Black "Jakovenko, D."]
[Result "1/2-1/2"]
[WhiteElo "2609"]
[BlackElo "2736"]
[PlyCount "89"]
[EventDate "2012.06.16"]

1. e4 e5 2. Nf3 Nc6 3. Nc3 Nf6 4. Bb5 Bb4 5. O-O O-O 6. Bxc6 dxc6 7. Nxe5 Re8
8. Nd3 Bxc3 9. dxc3 Nxe4 10. Qf3 Nd6 11. Bf4 Qf6 12. Rfe1 Be6 13. Qg3 Nf5 14.
Qg5 Qxg5 15. Bxg5 b6 16. Bf4 Rac8 17. f3 h5 18. h3 h4 19. Nb4 c5 20. Na6 Re7
21. Rad1 c6 22. b3 c4 23. Re4 Bd5 24. Rxe7 Nxe7 25. Nc7 f6 26. Kf2 Bf7 27. Rd7
cxb3 28. cxb3 Nd5 29. Nxd5 cxd5 30. Rxa7 Rxc3 31. Rc7 Rxc7 32. Bxc7 b5 33. Ke3
Bg6 34. Kd4 Bc2 35. Kxd5 Bd3 36. g3 hxg3 37. Bxg3 Kf7 38. a4 bxa4 39. bxa4 Bf1
40. h4 Bg2 41. Ke4 g5 42. Ke3 gxh4 43. Bxh4 Bf1 44. Kd4 Ke6 45. a5 1/2-1/2

[Event "Russian Higher League"]
[Site "Tyumen RUS"]
[Date "2012.06.26"]
[Round "10"]
[White "Khairullin, I."]
[Black "Nepomniachtchi, I."]
[Result "1/2-1/2"]
[WhiteElo "2631"]
[BlackElo "2716"]
[PlyCount "67"]
[EventDate "2012.06.16"]

1. d4 Nf6 2. c4 g6 3. Nc3 d5 4. Bg5 Ne4 5. Bh4 Nxc3 6. bxc3 dxc4 7. e3 Be6 8.
Nf3 Bg7 9. Rb1 b6 10. Nd2 O-O 11. Be2 Qd7 12. O-O c5 13. Nxc4 Rc8 14. Rc1 Nc6
15. dxc5 Qxd1 16. Rfxd1 bxc5 17. Kf1 Rd8 18. Ke1 Rxd1+ 19. Kxd1 Rd8+ 20. Ke1
Kf8 21. Bg3 f5 22. Rc2 Rd7 23. Nd2 Ne5 24. Nb3 Bxb3 25. axb3 Nd3+ 26. Bxd3 Rxd3
27. Ke2 Rd7 28. c4 Rb7 29. Ra2 Rxb3 30. Rxa7 Rb2+ 31. Kf1 Rb1+ 32. Ke2 Rb2+ 33.
Kf1 Rb1+ 34. Ke2 1/2-1/2

[Event "Russian Higher League"]
[Site "Tyumen RUS"]
[Date "2012.06.27"]
[Round "11"]
[White "Demchenko, A."]
[Black "Andreikin, D."]
[Result "1/2-1/2"]
[WhiteElo "2575"]
[BlackElo "2700"]
[PlyCount "67"]
[EventDate "2012.06.16"]

1. e4 e5 2. Nc3 Nf6 3. g3 Bc5 4. Bg2 Nc6 5. d3 a6 6. Nge2 d6 7. O-O Be6 8. Nd5
Nd4 9. Nxd4 Bxd4 10. c3 Ba7 11. d4 O-O 12. Nxf6+ Qxf6 13. Be3 c5 14. d5 Bd7 15.
c4 b5 16. b3 Qd8 17. f4 f6 18. Qd2 Bb6 19. Rf2 bxc4 20. bxc4 Ba5 21. Qd3 Rb8
22. fxe5 fxe5 23. Rxf8+ Qxf8 24. Rb1 Rxb1+ 25. Qxb1 Bc7 26. Qb7 Qc8 27. Qxc8+
Bxc8 28. Bd2 Bd7 29. Kf2 Kf7 30. Ke2 Bd8 31. Kf2 Bc7 32. Ke2 Bd8 33. Kf2 Bc7
34. Ke2 1/2-1/2

[Event "Russian Higher League"]
[Site "Tyumen RUS"]
[Date "2012.06.27"]
[Round "11"]
[White "Vitiugov, N."]
[Black "Grachev, B."]
[Result "1/2-1/2"]
[WhiteElo "2703"]
[BlackElo "2680"]
[PlyCount "59"]
[EventDate "2012.06.16"]

1. d4 d5 2. c4 c6 3. Nf3 Nf6 4. Nc3 e6 5. Bg5 h6 6. Bh4 dxc4 7. e4 g5 8. Bg3 b5
9. Be2 Bg7 10. e5 Nh5 11. a4 O-O 12. axb5 g4 13. Bh4 Qb6 14. Nd2 cxb5 15. Bxg4
Nf4 16. O-O Nc6 17. Nde4 Ng6 18. Bf6 Qxd4 19. Nxb5 Qxd1 20. Bxd1 Ncxe5 21. Nbd6
Bd7 22. Ba4 Bxa4 23. Rxa4 Rfb8 24. Nxc4 Nxc4 25. Rxc4 Bxf6 26. Nxf6+ Kg7 27.
Nh5+ Kg8 28. Nf6+ Kg7 29. Nh5+ Kg8 30. Nf6+ 1/2-1/2

[Event "Russian Higher League"]
[Site "Tyumen RUS"]
[Date "2012.06.27"]
[Round "11"]
[White "Ovetchkin, R."]
[Black "Jakovenko, D."]
[Result "1-0"]
[WhiteElo "2501"]
[BlackElo "2736"]
[PlyCount "103"]
[EventDate "2012.06.16"]

1. d4 Nf6 2. Nf3 g6 3. c4 Bg7 4. Nc3 O-O 5. e4 d6 6. h3 Na6 7. Bg5 Qe8 8. g4 c5
9. Qd2 Bd7 10. Rd1 cxd4 11. Nxd4 Rc8 12. f3 Nc5 13. Bh6 Ne6 14. Bxg7 Nxg7 15.
Nc2 Be6 16. Ne3 Nd7 17. f4 f6 18. Be2 Bf7 19. O-O Qd8 20. b4 b6 21. a3 a6 22.
Ncd5 Rb8 23. Rc1 Re8 24. Rfd1 Ne6 25. h4 Nef8 26. g5 Kg7 27. Qb2 h6 28. h5 hxg5
29. fxg5 Nh7 30. hxg6 Bxg6 31. gxf6+ exf6 32. Nf4 Rxe4 33. Neg2 Ndf8 34. Qd2
Ng5 35. Qxd6 Qxd6 36. Rxd6 Nh3+ 37. Nxh3 Rxe2 38. Nhf4 Re5 39. Rf1 Be4 40. Ne3
Rb7 41. Nfd5 Nd7 42. Rf4 Rg5+ 43. Kf2 f5 44. Ne7 Nf6 45. N7xf5+ Bxf5 46. Rxf5
Ne4+ 47. Kf3 Nxd6 48. Rxg5+ Kf6 49. Rh5 Rf7 50. Ke2 Ke6 51. Rh6+ Kd7 52. Nd5
1-0

[Event "Russian Higher League"]
[Site "Tyumen RUS"]
[Date "2012.06.27"]
[Round "11"]
[White "Nepomniachtchi, I."]
[Black "Lintchevski, D."]
[Result "1/2-1/2"]
[WhiteElo "2716"]
[BlackElo "2563"]
[PlyCount "85"]
[EventDate "2012.06.16"]

1. c4 e5 2. g3 Nf6 3. Bg2 d5 4. cxd5 Nxd5 5. Nc3 Nb6 6. e3 g6 7. Nge2 Bg7 8. f4
exf4 9. Nxf4 c5 10. O-O O-O 11. b3 Nc6 12. Ba3 Nb4 13. Rc1 Nd7 14. Bxb4 cxb4
15. Ncd5 a5 16. Qc2 Ne5 17. Qc7 Nc6 18. d4 Qxc7 19. Nxc7 Rb8 20. Nd3 Bg4 21.
Rfe1 Ne7 22. Nc5 b6 23. Nb7 h5 24. Nb5 Be6 25. N7d6 Rfd8 26. Rc7 Nd5 27. Bxd5
Bxd5 28. Nc4 Be6 29. Rd1 Rdc8 30. d5 Bg4 31. Rd2 Rxc7 32. Nxc7 Bc3 33. Rf2 Bd7
34. Nd6 Rf8 35. Ncb5 Bxb5 36. Nxb5 Rd8 37. d6 Be5 38. Rd2 f6 39. Kf2 Kf7 40.
Kf3 Ke6 41. Rc2 Bc3 42. a4 Rc8 43. Rc1 1/2-1/2

[Event "7th Edmonton International"]
[Site "Edmonton - Canada"]
[Date "2012.06.28"]
[Round "3"]
[White "Porper, Edward"]
[Black "Short, Nigel"]
[Result "0-1"]
[WhiteElo "2414"]
[BlackElo "2705"]
[PlyCount "98"]
[EventDate "2012.??.??"]
[TimeControl "5400"]

1. d4 e6 2. c4 b6 3. e4 Bb7 4. Qc2 Bb4+ 5. Bd2 Nc6 6. Nf3 Qf6 7. Bxb4 Nxb4 8.
Qd2 c5 9. Nc3 Ne7 10. d5 O-O 11. a3 Na6 12. Be2 Ng6 13. O-O d6 14. Rfe1 Nc7 15.
Rad1 Rad8 16. b4 Bc8 17. Bf1 e5 18. Re3 Qe7 19. bxc5 bxc5 20. Rb1 Ne8 21. Rb8
f5 22. exf5 Bxf5 23. Rxd8 Qxd8 24. Qb2 Nf6 25. h3 h6 26. Ne2 Bd7 27. Nd2 a5 28.
Rb3 a4 29. Rb6 e4 30. Ng3 Qe7 31. Qc3 Re8 32. Qe3 Qe5 33. Nb1 h5 34. Nc3 h4 35.
Nge2 Ne7 36. Qf4 Qxf4 37. Nxf4 Nf5 38. Nfe2 e3 39. Rb7 exf2+ 40. Kxf2 Re3 41.
Ra7 Kf8 42. Ra6 g5 43. Ke1 Rd3 44. Nxa4 Ne4 45. Nb6 Be8 46. Nc1 Re3+ 47. Kd1
Rc3 48. Ne2 Ne3+ 49. Ke1 Rb3 0-1

[Event "Greek Teams Cup final 4 - 2012"]
[Site "Porto Rio"]
[Date "2012.??.??"]
[Round "1.2"]
[White "Macieja, B."]
[Black "Kamsky, G."]
[Result "1/2-1/2"]
[WhiteElo "2614"]
[BlackElo "2741"]
[PlyCount "156"]
[EventDate "2012.06.29"]
[WhiteTeam "ÓA ÊÏÑÉÍÈÉÁÓ Ï ÁÑÃÏÍÁÕÔÇÓ"]
[BlackTeam "ÓÏ ÊÁÂÁËÁÓ"]

1. e4 c5 2. Nf3 e6 3. d4 cxd4 4. Nxd4 a6 5. Bd3 Bc5 6. Nb3 Ba7 7. Qe2 Ne7 8.
Be3 d6 9. f4 Nd7 10. N1d2 O-O 11. a4 Bxe3 12. Qxe3 b6 13. O-O Bb7 14. f5 exf5
15. exf5 Nf6 16. Ne4 Bxe4 17. Bxe4 d5 18. Bd3 Nc6 19. Qf4 h5 20. h3 Re8 21.
Rae1 Rxe1 22. Rxe1 b5 23. axb5 axb5 24. Qf2 Nb4 25. Qd4 Nxd3 26. cxd3 Qc8 27.
Qf2 b4 28. Rc1 Qe8 29. Nd4 Rc8 30. Rxc8 Qxc8 31. Qc2 Qe8 32. Qe2 Qa4 33. Nf3
Qa7+ 34. Kh2 Kf8 35. Qe5 Qb6 36. b3 Qd8 37. Nd4 Qb6 38. Nf3 Qd8 39. Nd4 Qb6 40.
Kh1 Qc5 41. Nf3 Nd7 42. Qa1 Qd6 43. Qa7 Ke7 44. Qe3+ Kf8 45. Qa7 Ke7 46. Qe3+
Kf8 47. Qg5 Nf6 48. Qc1 Nd7 49. d4 Qf6 50. Qc7 Ke8 51. Qc8+ Ke7 52. Qb7 Qxf5
53. Qxb4+ Ke8 54. Qc3 f6 55. h4 Kd8 56. Qa5+ Ke7 57. Qe1+ Kf7 58. b4 Qd3 59.
Qc1 Ke7 60. Kh2 Qb5 61. Qb1 Nf8 62. Qe1+ Ne6 63. Qd2 Kd7 64. Qb2 Nd8 65. Ne1
Nf7 66. Qa3 Nh6 67. Qa7+ Ke6 68. Qxg7 Ng4+ 69. Kh3 Qxb4 70. Qg8+ Ke7 71. Qg7+
Ke6 72. Qg8+ Ke7 73. Qg7+ Kd8 74. Qg8+ Kc7 75. Qf7+ Kb8 76. Qe8+ Kc7 77. Qf7+
Kb8 78. Qe8+ Kc7 1/2-1/2

[Event "Greek Teams Cup final 4 - 2012"]
[Site "Porto Rio"]
[Date "2012.??.??"]
[Round "2.1"]
[White "Caruana, Fabiano"]
[Black "Gavrilakis, Nikolaos"]
[Result "1-0"]
[WhiteElo "2770"]
[BlackElo "2406"]
[PlyCount "135"]
[EventDate "2012.06.29"]
[WhiteTeam "ÐÓ ÐÅÑÉÓÔÅÑÉÏÕ"]
[BlackTeam "ÓA ÊÏÑÉÍÈÉÁÓ Ï ÁÑÃÏÍÁÕÔÇÓ"]

1. e4 e5 2. Nf3 Nc6 3. Bb5 a6 4. Ba4 Nf6 5. O-O b5 6. Bb3 Bb7 7. d3 Be7 8. a4
O-O 9. Re1 d6 10. Nbd2 Na5 11. Ba2 c5 12. Nf1 h6 13. Ng3 Re8 14. Bd2 b4 15. Nh4
d5 16. Nhf5 Bf8 17. exd5 Bxd5 18. Bxd5 Qxd5 19. Ne4 Nxe4 20. Rxe4 Re6 21. Qh5
Qd7 22. b3 Rae8 23. Be3 Kh7 24. Qh3 Nc6 25. Re1 Nd4 26. Bxd4 cxd4 27. R4e2 Rc6
28. g4 g6 29. Ng3 Bg7 30. Ne4 Rec8 31. Rc1 Kg8 32. Qf3 R8c7 33. Kg2 Qe6 34. h3
Bf8 35. Qg3 Bg7 36. Qf3 Bf8 37. h4 Bg7 38. g5 h5 39. Rd2 Qc8 40. Re2 Qe6 41.
Qh3 Qd5 42. Kf1 Kh7 43. Kg1 Kg8 44. f3 Kh7 45. Qh2 Qd7 46. Rf1 Qc8 47. Rff2 Qe6
48. Qg2 Qc8 49. Kh2 Qd8 50. Qh3 Re6 51. Kg1 Rec6 52. Kf1 Qe7 53. f4 exf4 54.
Nf6+ Bxf6 55. Rxe7 Bxe7 56. Rxf4 Bf8 57. Qf3 Kg8 58. Rf6 Rxc2 59. Qd5 Bg7 60.
Rf2 R2c6 61. Kg2 Rc3 62. Qa5 Kh7 63. Qxa6 Rxb3 64. a5 Rbc3 65. Qb6 b3 66. a6
R3c6 67. Qb8 Rc8 68. a7 1-0

[Event "Greek Teams Cup final 4 - 2012"]
[Site "Porto Rio"]
[Date "2012.??.??"]
[Round "2.2"]
[White "Kamsky, Gata"]
[Black "Mourelatos, Ilias"]
[Result "1-0"]
[WhiteElo "2741"]
[BlackElo "2062"]
[PlyCount "83"]
[EventDate "2012.06.29"]
[WhiteTeam "ÓÏ ÊÁÂÁËÁÓ"]
[BlackTeam "XAN ÊÁËÁÌÁÑÉÁÓ"]

1. e4 c5 2. Nf3 d6 3. d4 cxd4 4. Nxd4 Nf6 5. Nc3 a6 6. Be3 e5 7. Nf3 h6 8. Bc4
Be7 9. O-O O-O 10. Re1 Qc7 11. Bb3 Be6 12. Nh4 Rd8 13. Qf3 Qc6 14. Nf5 Bxf5 15.
Qxf5 Qd7 16. Qf3 Nc6 17. Bb6 Rf8 18. Rad1 Bd8 19. Bc5 Bc7 20. a3 Qe7 21. Be3
Ba5 22. Nd5 Nxd5 23. exd5 Nb8 24. Re2 f5 25. c4 f4 26. Bc1 Nd7 27. Bc2 g5 28.
b4 Bc7 29. c5 Nf6 30. Bb2 g4 31. Qxf4 Qg7 32. Qc4 Nh5 33. Bxe5 dxe5 34. d6+ Kh8
35. dxc7 Nf4 36. Red2 Nh3+ 37. Kf1 g3 38. hxg3 Qxg3 39. gxh3 Qxh3+ 40. Ke1 Qf3
41. Qh4 Qc6 42. Rd6 1-0

[Event "7th Edmonton International"]
[Site "Edmonton - Canada"]
[Date "2012.06.29"]
[Round "4"]
[White "Short, Nigel"]
[Black "Haessel, Dale"]
[Result "1-0"]
[WhiteElo "2705"]
[BlackElo "2161"]
[PlyCount "45"]
[EventDate "2012.??.??"]
[TimeControl "5400"]

1. d4 Nf6 2. Nf3 g6 3. Bg5 Bg7 4. Nbd2 d5 5. e3 O-O 6. Be2 Nbd7 7. O-O c5 8. c3
b6 9. a4 a5 10. Re1 Re8 11. Bb5 Ba6 12. Bxf6 Bxf6 13. Bc6 Rc8 14. Bxd5 cxd4 15.
exd4 e6 16. Bb3 h5 17. Ne4 Be7 18. d5 exd5 19. Qxd5 Rf8 20. Rad1 Nc5 21. Qe5
Qc7 22. Nxc5 Bxc5 23. Qf6 1-0

[Event "7th Edmonton International"]
[Site "Edmonton - Canada"]
[Date "2012.06.30"]
[Round "5"]
[White "Pechenkin, Vladimir"]
[Black "Short, Nigel"]
[Result "0-1"]
[WhiteElo "2312"]
[BlackElo "2705"]
[PlyCount "52"]
[EventDate "2012.??.??"]
[TimeControl "5400"]

1. c4 b6 2. Nc3 Bb7 3. e4 e5 4. Nf3 Nc6 5. d4 exd4 6. Nxd4 Bb4 7. Be3 Bxc3+ 8.
bxc3 Nf6 9. f3 d6 10. Be2 Nd7 11. O-O O-O 12. Qe1 Kh8 13. Qg3 Qf6 14. h4 Qe5
15. Qf2 Nc5 16. Nb5 Qe7 17. Rfd1 f5 18. Bg5 Qd7 19. exf5 Rxf5 20. Qg3 h6 21.
Nxd6 cxd6 22. Rxd6 Qf7 23. Bxh6 Rf6 24. Bg5 Rxd6 25. Qxd6 Re8 26. Bf1 Ne5 0-1

[Event "7th Edmonton International"]
[Site "Edmonton - Canada"]
[Date "2012.06.30"]
[Round "6"]
[White "Short, Nigel"]
[Black "Krush, Irina"]
[Result "1/2-1/2"]
[WhiteElo "2705"]
[BlackElo "2457"]
[PlyCount "98"]
[EventDate "2012.??.??"]
[TimeControl "5400"]

1. e4 c5 2. Nf3 e6 3. g3 Nc6 4. Bg2 Nf6 5. Qe2 d6 6. O-O Be7 7. c3 O-O 8. d4
cxd4 9. cxd4 d5 10. e5 Ne4 11. Be3 Bd7 12. Rd1 Qa5 13. Ne1 f6 14. f3 Ng5 15.
Nd3 fxe5 16. dxe5 Qa6 17. Nc3 d4 18. Bxg5 Bxg5 19. Nc5 Qxe2 20. Nxe2 Be3+ 21.
Kh1 Nxe5 22. Nxd7 Nxd7 23. Nxd4 Bxd4 24. Rxd4 Nf6 25. Re1 Kf7 26. f4 Rfd8 27.
Rxd8 Rxd8 28. Bxb7 Rb8 29. Ba6 Rxb2 30. Bc4 Nd5 31. f5 Nc7 32. Bb3 Rd2 33. Rc1
Rd7 34. fxe6+ Nxe6 35. Rc6 Re7 36. Ra6 Kf6 37. Kg1 g5 38. Kf2 h5 39. Kf3 Kf5
40. Ra5+ Kg6 41. Bxe6 Rxe6 42. Rxa7 Rf6+ 43. Ke2 Rb6 44. Rd7 Ra6 45. Rd2 Kf5
46. Kd3 Kg4 47. Kc4 Ra8 48. Kb5 Rb8+ 49. Kc5 Ra8 1/2-1/2

[Event "7th Edmonton International"]
[Site "Edmonton - Canada"]
[Date "2012.06.30"]
[Round "7"]
[White "Wang, Richard"]
[Black "Short, Nigel"]
[Result "0-1"]
[WhiteElo "2307"]
[BlackElo "2705"]
[PlyCount "90"]
[EventDate "2012.??.??"]
[TimeControl "5400"]

1. d4 Nf6 2. Nf3 c5 3. d5 b5 4. Bg5 Qa5+ 5. Bd2 Qb6 6. c4 g6 7. cxb5 a6 8. bxa6
Bg7 9. Nc3 Bxa6 10. e4 Bxf1 11. Kxf1 O-O 12. Rb1 e6 13. g3 exd5 14. exd5 Na6
15. Kg2 Nb4 16. Qb3 Qa6 17. a3 Nd3 18. h3 c4 19. Qc2 Rfe8 20. Be3 Rxe3 21. fxe3
Re8 22. Rbd1 Rxe3 23. Rd2 Qa8 24. Re2 Rxf3 25. Kxf3 Nxd5 26. Qa4 Qb7 27. Qb5
Nb6+ 28. Nd5 Qxd5+ 29. Qxd5 Nxd5 30. Re8+ Bf8 31. a4 f5 32. Rb8 Kf7 33. a5 Ne5+
34. Ke2 Nc6 35. a6 Nc7 36. Rb7 Nxa6 37. Rxd7+ Be7 38. Rc1 Ne5 39. Rd5 Ke6 40.
Rb5 Nc5 41. Ra1 Bd6 42. Ra7 h5 43. Kf1 Ne4 44. Kg2 Nxg3 45. Ra6 Ne4 0-1

[Event "40th Greek Team Championship 2012"]
[Site "Porto Rio Hotel"]
[Date "2012.06.30"]
[Round "1"]
[White "Kamsky, Gata"]
[Black "Istratescu, Andrei"]
[Result "1-0"]
[WhiteElo "2741"]
[BlackElo "2636"]
[PlyCount "67"]
[EventDate "2012.06.30"]
[WhiteTeam "ÓÏ ÊÁÂÁËÁÓ"]
[BlackTeam "ÍÏ ÊÁËÁÌÁÔÁÓ "]

1. d4 e6 2. c4 Bb4+ 3. Bd2 a5 4. g3 d5 5. Bg2 dxc4 6. Nf3 Nc6 7. Bc3 Nge7 8.
O-O O-O 9. a4 b6 10. Qc2 Ba6 11. Rd1 Qe8 12. Ng5 g6 13. e4 Rd8 14. Na3 Bxc3 15.
Qxc3 Nb4 16. Nxc4 Bxc4 17. Qxc4 c5 18. dxc5 Rxd1+ 19. Rxd1 Qxa4 20. Bf3 Qc6 21.
e5 Qxc5 22. Qh4 h5 23. Ne4 Nf5 24. Qg5 Qxe5 25. Nf6+ Kg7 26. Nxh5+ Kh8 27. Nf6
Qxb2 28. g4 Kg7 29. Nh5+ Kh7 30. gxf5 exf5 31. Nf4 Qg7 32. Rd7 Re8 33. Kg2 Kg8
34. Bd5 1-0

[Event "40th Greek Team Championship 2012"]
[Site "Porto Rio Hotel"]
[Date "2012.06.30"]
[Round "1"]
[White "Sarandos, Vasilios"]
[Black "Navara, David"]
[Result "0-1"]
[WhiteElo "2241"]
[BlackElo "2706"]
[PlyCount "54"]
[EventDate "2012.06.30"]
[WhiteTeam "ÓÏ ÉÊÁÑÉÁÓ "]
[BlackTeam "ÏÓ ÔÑÉÁÍÄÑÉÁÓ"]

1. d4 Nf6 2. c4 e6 3. Nf3 Bb4+ 4. Bd2 a5 5. a3 Bxd2+ 6. Qxd2 d6 7. Nc3 Nbd7 8.
e3 b6 9. Be2 Bb7 10. Qc2 O-O 11. O-O e5 12. b4 exd4 13. exd4 Re8 14. Nd2 Nf8
15. d5 Ng6 16. Nb3 Nf4 17. Bf3 axb4 18. axb4 Rxa1 19. Rxa1 Nd7 20. Qf5 Ng6 21.
Be2 Bc8 22. Qc2 Nf4 23. Bf1 Ne5 24. Kh1 Qh4 25. Re1 Re7 26. g3 Qh5 27. h4 Qf3+
0-1

[Event "40th Greek Team Championship 2012"]
[Site "?"]
[Date "2012.07.01"]
[Round "2"]
[White "Caruana, F. ."]
[Black "Postny, E. ."]
[Result "1/2-1/2"]
[WhiteElo "2770"]
[BlackElo "2651"]
[PlyCount "79"]
[EventDate "2012.??.??"]

1. e4 c6 2. d4 d5 3. e5 Bf5 4. Nf3 e6 5. Be2 c5 6. Be3 Qb6 7. Nc3 Nc6 8. O-O
Qxb2 9. Qe1 cxd4 10. Bxd4 Nxd4 11. Nxd4 Bb4 12. Ndb5 Ba5 13. Rb1 Qxc2 14. Rb3
Ne7 15. Nd6+ Kf8 16. Nxb7 Bb6 17. Bd1 Qc1 18. Na4 Qc7 19. Nd6 Bg6 20. Qb4 Kg8
21. Nxb6 axb6 22. Rc3 Qd8 23. Ba4 h5 24. Rfc1 Kh7 25. Rc7 Nf5 26. Nxf5 Bxf5 27.
Rxf7 Rc8 28. Rxc8 Qxc8 29. h3 Qc1+ 30. Kh2 Rc8 31. Bb3 Bg6 32. Rf4 Qc5 33. Qd2
Rf8 34. Rd4 Be4 35. f3 Bg6 36. Rh4 Qe7 37. Qf2 Qg5 38. Qg3 Qe3 39. Rb4 Rc8 40.
Qf4 1/2-1/2